The age of illusion : art and politics in France, 1918-1940 /

Bibliographic Details
Main Author: Johnson, Douglas, 1925-
Other Authors: Johnson, Madeleine
Format: Book
Language:English
Published: New York : Rizzoli, 1987.
Subjects:

MARC

Tag First Indicator Second Indicator Subfields
LEADER 00000cam a2200000 a 4500
001 in00000008773
005 20151003090028.0
008 861001s1987 nyua 00110 eng
010 |a  86026153  
020 |a 0847807886 :  |c $30.00 
035 |a (OCoLC)14414127 
035 |9 AAA1185AM 
040 |a DLC  |c DLC  |d TXA  |d UtOrBLW 
043 |a e-fr--- 
050 0 0 |a NX549.P2  |b J64 1987 
082 0 |a 700/.944/361  |2 19 
100 1 |a Johnson, Douglas,  |d 1925- 
245 1 4 |a The age of illusion :  |b art and politics in France, 1918-1940 /  |c Douglas and Madeleine Johnson. 
264 1 |a New York :  |b Rizzoli,  |c 1987. 
300 |a 160 pages :  |b illustrations (some color) ;  |c 28 cm. 
336 |a text  |b txt  |2 rdacontent 
337 |a unmediated  |b n  |2 rdamedia 
338 |a volume  |b nc  |2 rdacarrier 
500 |a Includes index. 
650 0 |a Arts, French  |z France  |z Paris  |y 20th century. 
651 0 |a Paris (France)  |x Intellectual life  |y 20th century. 
651 0 |a France  |x Politics and government  |y 1914-1940. 
650 0 |a Politics and culture  |z France. 
700 1 |a Johnson, Madeleine. 
999 |a MARS 
999 f f |s b0be272a-5e3e-3860-8d2f-5ba9b2a0650e  |i b0fa0183-4369-338b-8063-df9c7657d352  |t 0 
952 f f |p normal  |a Texas A&M University  |b College Station  |c Sterling C. Evans Library  |d Evans: Library Stacks  |t 0  |e NX549.P2 J64 1987  |h Library of Congress classification  |i unmediated -- volume  |m A14812570505 
998 f f |a NX549.P2 J64 1987  |t 0  |l Evans: Library Stacks